INTRODUCTION TO DATA MINING (Record no. 24986)

MARC details
000 -LEADER
fixed length control field 00340nam a22001577a 4500
003 - CONTROL NUMBER IDENTIFIER
control field SGT
020 ## - INTERNATIONAL STANDARD BOOK NUMBER
International Standard Book Number 9789354491047
082 ## - DEWEY DECIMAL CLASSIFICATION NUMBER
Classification number 005,TAN
100 ## - MAIN ENTRY--PERSONAL NAME
Personal name TAN,PANG-NING
245 ## - TITLE STATEMENT
Title INTRODUCTION TO DATA MINING
250 ## - EDITION STATEMENT
Edition statement 2ND
260 ## - PUBLICATION, DISTRIBUTION, ETC. (IMPRINT)
Place of publication, distribution, etc INDIA
Name of publisher, distributor, etc PEARSON
Year of Publication 2023
300 ## - PAGE DESCRIPTION
No. of Pages 856
650 ## - SUBJECT ADDED ENTRY--TOPICAL TERM
Topical term or geographic name as entry element COMPUTER SCIENCE
942 ## - ADDED ENTRY ELEMENTS (KOHA)
Source of classification or shelving scheme Dewey Decimal Classification
Koha item type Books
942 ## - ADDED ENTRY ELEMENTS (KOHA)
-- 5
Holdings
Withdrawn status Lost status Source of classification or shelving scheme Damaged status Use restrictions Not for loan Collection code Home library Current library Shelving location Date acquired Vendor Name Cost, normal purchase price SGTU Bill Number Full call number Accession No. (Barcode) Date last seen Bill Date Koha item type Total Checkouts Date last borrowed
    Dewey Decimal Classification   Restricted Access   ENGINEERING SGT Engineering Library SGT Engineering Library Reference Book 06/09/2023 AHUJA BOOK COMPANY 910.00 SGTU 16906 005,TAN FE8722 06/09/2023 16/06/2023 Books    
    Dewey Decimal Classification       ENGINEERING SGT Engineering Library SGT Engineering Library Text Book 06/09/2023 AHUJA BOOK COMPANY 910.00 SGTU 16906 005,TAN FE8723 01/05/2024 16/06/2023 Books 1 01/05/2024
    Dewey Decimal Classification       ENGINEERING SGT Engineering Library SGT Engineering Library Text Book 06/09/2023 AHUJA BOOK COMPANY 910.00 SGTU 16906 005,TAN FE8724 01/05/2024 16/06/2023 Books 1 01/05/2024
    Dewey Decimal Classification       ENGINEERING SGT Engineering Library SGT Engineering Library Text Book 06/09/2023 AHUJA BOOK COMPANY 910.00 SGTU 16906 005,TAN FE8725 08/05/2025 16/06/2023 Books 3 30/04/2025
    Dewey Decimal Classification       ENGINEERING SGT Engineering Library SGT Engineering Library Text Book 06/09/2023 AHUJA BOOK COMPANY 910.00 SGTU 16906 005,TAN FE8726 01/05/2024 16/06/2023 Books 1 01/05/2024